书目信息 |
| 题名: |
代数K理论
|
|
| 作者: | 黎景辉 著 | |
| 分册: | ||
| 出版信息: | 北京 科学出版社 2018 |
|
| 页数: | xvi, 450页 | |
| 开本: | 24cm | |
| 丛书名: | 现代数学基础丛书 | |
| 单 册: | ||
| 中图分类: | O154.3 | |
| 科图分类: | ||
| 主题词: | 代数K理论--dai shu K li lun | |
| 电子资源: | ||
| ISBN: | 978-7-03-058102-0 | |
| 000 | 01248nam 2200301 450 | |
| 001 | 012001001725 | |
| 005 | 20131108173154.0 | |
| 010 | @a978-7-03-058102-0@dCNY198.00 | |
| 099 | @aCAL 012018094687 | |
| 100 | @a20180724d2018 ekmy0chiy50 ea | |
| 101 | 0 | @achi |
| 102 | @aCN@b110000 | |
| 105 | @aak a 000yy | |
| 106 | @ar | |
| 200 | 1 | @a代数K理论@Adai shu K li lun@f黎景辉著 |
| 210 | @a北京@c科学出版社@d2018 | |
| 215 | @axvi, 450页@c图@d24cm | |
| 225 | 2 | @a现代数学基础丛书@Axian dai shu xue ji chu cong shu@v174 |
| 300 | @a国家科学技术学术著作出版基金资助出版 | |
| 320 | @a有书目 (第423-450页)。 | |
| 330 | @a《代数K理论》介绍代数K群的结构和性质。我们从一个环R的K群K0(R),K1(R),K2(R)开始,接着构造Quillen的高次K群,介绍Waldhausen范畴的K理论和概形的K群。为了方便学习,我们补充了所需的代数和同伦代数的基本知识,并介绍了模型范畴理论。最后介绍了Grothendieck的原相理论,并叙述了利用K理论来表达关于代数圈的一组为国际数学家所亟待解决的问题。 | |
| 333 | @a具备基础代数知识的数学系和理论物理系的本科生和研究生 | |
| 410 | 0 | @12001 @a现代数学基础丛书@v174 |
| 606 | 0 | @a代数K理论@Adai shu K li lun |
| 690 | @aO154.3@v5 | |
| 701 | 0 | @a黎景辉@Ali jing hui@4著 |
| 801 | 0 | @aCN@b北京卓展@c20191020 |
| 905 | @b1198855-7@dO154.3@e131@f3 | |
| 代数K理论/黎景辉著.-北京:科学出版社,2018 |
| xvi, 450页:图;24cm.-(现代数学基础丛书;174) |
| 国家科学技术学术著作出版基金资助出版.-使用对象:具备基础代数知识的数学系和理论物理系的本科生和研究生 |
| ISBN 978-7-03-058102-0:CNY198.00 |
| 《代数K理论》介绍代数K群的结构和性质。我们从一个环R的K群K0(R),K1(R),K2(R)开始,接着构造Quillen的高次K群,介绍Waldhausen范畴的K理论和概形的K群。为了方便学习,我们补充了所需的代数和同伦代数的基本知识,并介绍了模型范畴理论。最后介绍了Grothendieck的原相理论,并叙述了利用K理论来表达关于代数圈的一组为国际数学家所亟待解决的问题。 |
| ● |
| 相关链接 |
|
|
|
|
正题名:代数K理论
索取号:O154.3/131
 
预约/预借
| 序号 | 登录号 | 条形码 | 馆藏地/架位号 | 状态 | 备注 |
| 1 | 1198855 | 211988553 | 第二样本阅览室/ [索取号:O154.3/131] | 在馆 | |
| 2 | 1198856 | 211988562 | 第三借阅区/ [索取号:O154.3/131] | 在馆 | |
| 3 | 1198857 | 211988571 | 第三借阅区/ [索取号:O154.3/131] | 在馆 |